Statistics for Walking Across Asian borders: Yemen to Malaysia

Click here to take the quiz!

General Stats

  • This quiz has been taken 372 times
    (337 since last reset)
  • The average score is 18 of 34

Answer Stats

Number of lettersCountry% Correct
4Oman
97%
5Yemen
95%
18United Arab Emirates
92%
11Saudi Arabia
91%
4Iraq
84%
6Kuwait
79%
6Jordan
68%
6Israel
66%
7Lebanon
66%
5Syria
65%
6Turkey
61%
7Georgia
60%
4Iran
59%
7Armenia
57%
10Azerbaijan
57%
11Afghanistan
51%
8Pakistan
50%
12Turkmenistan
46%
10Uzbekistan
44%
10Tajikistan
41%
5China
36%
10Kazakhstan
35%
10Kyrgyzstan
35%
5India
33%
8Mongolia
33%
10Bangladesh
32%
4Laos
32%
8Malaysia
32%
5Nepal
32%
6Russia
32%
7Myanmar
31%
7Vietnam
30%
8Thailand
29%
8Cambodia
28%

Score Distribution

Percentile by Number Answered

Percent of People with Each Score

Your Score History

You have not taken this quiz since the last reset